WILL SOLVIT AND DEADLY GLADIATORS (Record no. 9125)
[ view plain ]
| 000 -LEADER | |
|---|---|
| fixed length control field | 00347nam a22001337a 4500 |
| 082 ## - DEWEY DECIMAL CLASSIFICATION NUMBER | |
| Classification number | 823 |
| Item number | STO/W |
| 100 ## - MAIN ENTRY--AUTHOR NAME | |
| Personal name | STORM, ZED |
| 245 ## - TITLE STATEMENT | |
| Title | WILL SOLVIT AND DEADLY GLADIATORS |
| 246 ## - VARYING FORM OF TITLE | |
| Title proper/short title | WILL SOLVIT AND DEADLY GLADIATORS |
| Remainder of title | WILL SOLVIT AND DEADLY GLADIATORS |
| 260 ## - PUBLICATION, DISTRIBUTION, ETC. (IMPRINT) | |
| Place of publication | U K |
| Name of publisher | PARRAGON |
| Year of publication | 2010 |
| 300 ## - PHYSICAL DESCRIPTION | |
| Number of Pages | 124 |
| 650 ## - SUBJECT ADDED ENTRY--TOPICAL TERM | |
| Topical Term | ENGLISH STORY |
| 942 ## - ADDED ENTRY ELEMENTS (KOHA) | |
| Koha item type | Books |
| Withdrawn status | Lost status | Collection code | Home library | Current library | Date acquired | Source of acquisition | Full call number | Accession Number | Koha item type |
|---|---|---|---|---|---|---|---|---|---|
| ENGLISH FICTION | Main Library | Main Library | 07/07/2025 | COTRIBUTION | 823 STO/W | 13834 | Books |